Books - 20th century authors - Quiz 1 - Statistics

General Stats
  • This quiz has been taken 347 times
  • The average score is 17 of 40
Answer Stats
Year Title Author % Correct
1997 Harry Potter and the Philosopher's Stone J.K. Rowling
96%
1925 The Great Gatsby F. Scott Fitzgerald
92%
1960 To Kill a Mockingbird Harper Lee
92%
1934 Murder on the Orient Express Agatha Christie
89%
1964 Charlie and the Chocolate Factory Roald Dahl
89%
1937 Of Mice and Men John Steinbeck
84%
1940 For Whom the Bell Tolls Ernest Hemingway
82%
1926 Winnie-the-Pooh A.A. Milne
80%
1963 The Bell Jar Sylvia Plath
76%
1954 Lord of the Flies William Golding
75%
1987 Misery Stephen King
74%
1961 Catch-22 Joseph Heller
68%
1900 The Wonderful Wizard of Oz L. Frank Baum
58%
1929 The Sound and the Fury William Faulkner
54%
1945 Brideshead Revisited Evelyn Waugh
51%
1976 Interview With the Vampire Anne Rice
44%
1908 A Room With a View E.M. Forster
43%
1971 Fear and Loathing in Las Vegas Hunter S. Thompson
40%
1952 Invisible Man Ralph Ellison
38%
1978 The World According to Garp John Irving
34%
1973 Breakfast of Champions Kurt Vonnegut
33%
1967 The Outsiders S.E. Hinton
30%
1993 The Shipping News E. Annie Proulx
26%
1955 The Talented Mr Ripley Patricia Highsmith
24%
1984 The Witches of Eastwick John Updike
21%
1975 Shogun James Clavell
20%
1988 The Silence of the Lambs Thomas Harris
18%
1977 The Thorn Birds Colleen McCullough
17%
1969 Travels with My Aunt Graham Greene
16%
1951 The Day of the Triffids John Wyndham
16%
1959 The Haunting of Hill House Shirley Jackson
14%
1979 Sophie's Choice William Styron
14%
1968 The World is Full of Married Men Jackie Collins
11%
1983 The Life and Loves of a She-Devil Fay Weldon
9%
1956 Peyton Place Grace Metalious
6%
1991 Scarlett Alexandra Ripley
4%
1919 The Curse of Capistrano (The Mark of Zorro) Johnston McCulley
4%
1962 Ship of Fools Katherine Anne Porter
4%
1965 The Millstone Margaret Drabble
4%
1982 Prizzi's Honor Richard Condon
4%
No matching quizzes found
Score Distribution
Percent of People with Each Score
Percentile by Number Answered
Your Score History
You have not taken this quiz